| 000 | 00789nam a2200253 u 4500 | ||
|---|---|---|---|
| 001 | 62766 | ||
| 005 | 20180714064922.0 | ||
| 008 | 150604s2011 sp r 000 0 spa d | ||
| 020 | _a978-84-493-0313-5 | ||
| 082 | 0 |
_a616.89156 _bWAL |
|
| 100 | 1 |
_aWalters, Marianne _eautor |
|
| 245 | 1 | 3 |
_aLa red invisible : _bpautas vinculadas al géneroen las relaciones familiares / _cMarianne Walters. |
| 250 | _a1ª edición | ||
| 264 | 1 |
_aEspaña : _bPaidós ; _c2011 |
|
| 300 |
_a457 páginas : _bilustraciones ; _c2011. |
||
| 336 |
_atexto _2rdacontent |
||
| 337 |
_asin mediación _2rdamedia |
||
| 338 |
_avolumen _2rdacarrier |
||
| 490 | 0 |
_aPaidós _v43 |
|
| 700 | 1 | _aCarter, Betty. | |
| 700 | 1 | _aPapp, Peggy. | |
| 700 | 1 | _aSilverstein, Olga. | |
| 700 | 1 | _aVitale, Gloria. | |
| 999 |
_c62766 _d62766 |
||